000 00770nam a2200229Ii 4500
003 JO-AjNU
008 230605s9999||||xx |||||||||||||| ||und||
017 _a2007/1/239
020 _a978-9957-70-003-4
040 _aJO-AjNU
_bara
_erda
_cJO-AjNU
041 _aara
050 1 4 _aPN68.I27 2007
100 3 _aإبرير،بشير,
_eauthor
_923358
245 0 0 _aتعليمية النصوص بين النظرية والتطبيق
250 _aط1
264 3 1 _aإربد: عالم الكتب الحديث، 2007
300 _a234ص
336 _atext
_btxt
_2rdacontent
337 _aunmediated
_bn
_2rdamedia
338 _avolume
_bnc
_2rdacarrier
650 4 _aالأدب العربي - تاريخ ونقد - النصوص الأدبية - اللسانيات
_923359
999 _aA8438
_c12006
_d12006